000 00552nam a22001932 4500
001 0000007368
005 20151217152030.0
008 080117s xx 000 0 eng d
020 _cKES
040 _aKABU
_cKABU
100 1 _aVan Oostrom,, E.
_@0000158595
245 1 4 _aThe Message of the Psalms /
_cE. Van Oostrom.
260 _aNairobi :
_bSt. Paul Publications,
_c1984.
300 _a63 p.
650 0 _aPsalms
_vCommentaries
_xDevotions.
_@0000158596
908 _a080117
950 _@1
999 _c7503
_d7503